| Tag |
First Indicator |
Second Indicator |
Subfields |
| LEADER |
00000cam a2200000 4500 |
| 001 |
in00002783633 |
| 005 |
20151202171832.0 |
| 008 |
700423s1965 dcuab b 000 0 eng |
| 010 |
|
|
|a 70605505
|
| 035 |
|
|
|a (OCoLC)ocm00068961
|
| 035 |
|
|
|a (OCoLC)68961
|
| 040 |
|
|
|a DLC
|c DLC
|d IAS
|d OCLCQ
|d BTCTA
|d OCLCG
|d UtOrBLW
|
| 043 |
|
|
|a n-us-al
|
| 049 |
|
|
|a TXAM
|
| 050 |
0 |
0 |
|a QE75
|b .P9 no. 473-C
|
| 082 |
0 |
0 |
|a 550/.8 s
|
| 086 |
0 |
|
|a I 19.16:473-C
|
| 100 |
1 |
|
|a Simpson, Thomas A.,
|d 1925-
|
| 245 |
1 |
0 |
|a Geologic and hydrologic studies in the Birmingham red-iron-ore district, Alabama /
|c by Thomas A. Simpson.
|
| 264 |
|
1 |
|a Washington :
|b U.S. Govt. Print. Off,
|c 1965.
|
| 300 |
|
|
|a iv, 47 pages :
|b illustrations, maps. ;
|c 29 cm.
|
| 336 |
|
|
|a text
|b txt
|2 rdacontent
|
| 337 |
|
|
|a unmediated
|b n
|2 rdamedia
|
| 338 |
|
|
|a volume
|b nc
|2 rdacarrier
|
| 490 |
1 |
|
|a Mining hydrology
|
| 490 |
1 |
|
|a Geological Survey professional paper 473-C
|
| 500 |
|
|
|a Part of illustrative matter fold. in pocket.
|
| 504 |
|
|
|a Bibliography: pages 46-47.
|
| 650 |
|
0 |
|a Mine water.
|
| 650 |
|
0 |
|a Groundwater
|z Alabama
|z Birmingham Region.
|
| 650 |
|
0 |
|a Iron mines and mining
|z Alabama
|z Birmingham Region.
|
| 830 |
|
0 |
|a Mining hydrology.
|
| 830 |
|
0 |
|a Geological Survey professional paper ;
|v 473-C.
|
| 948 |
|
|
|a cataloged
|b h
|c 2012/12/13
|d c
|e mvaldespin
|f 10:13:21 am
|
| 994 |
|
|
|a C0
|b TXA
|
| 999 |
|
|
|a MARS
|
| 999 |
f |
f |
|s 703838cc-840b-3c40-8eb0-e3d7760d4482
|i 9831b900-fdf8-3ac0-9c53-4059419db466
|t 0
|
| 952 |
f |
f |
|p normal
|a Texas A&M University
|b College Station
|c Sterling C. Evans Library
|d Evans: US Documents (Annex 5th floor)
|t 0
|e I 19.16:473-474
|h Superintendent of Documents classification
|i unmediated -- volume
|m A14839363343
|
| 952 |
f |
f |
|a Texas A&M University
|b College Station
|c Sterling C. Evans Library
|d Evans: US Documents (Annex 5th floor)
|t 0
|e I 19.16:473-474
|h Superintendent of Documents classification
|
| 998 |
f |
f |
|a I 19.16:473-474
|t 0
|l Evans: US Documents (Annex 5th floor)
|